000 00514nam a2200193Ia 4500
005 20250317131032.0
008 008 250317s9999 xx 000 0 eng d
037 _aTextbook
040 _aFMSL
_beng
_cFMSL
041 _aeng
_2eng
084 _aX:8k N1
_qFMSL
100 _aO.E.C.D
245 0 _aNational Accounting of OECD Countries
260 _aNew Delhi
_bNew Delhi, O.E.C.D
_c1981
300 _a304p
490 _vvol. II
942 _cTB
_hX:8k N1
999 _c1266395
_d1266395